banner-ar

TREASARURES OF IMPRESSI OMSM AND POST IMPRESSION NATIONAL GALLERY OF ART / (Record no. 12345)

MARC details
000 -الفاتح
حقل البيانات ثابتة الطول 00663nam a2200217Ia 4500
008 - عناصر البيانات ثابتة الطول - معلومات عامة
حقل البيانات ثابتة الطول 140319s9999 xx 000 0 eng d
040 ## - مصدر الفهرسة
وكالة الفهرسة الأصلية GCL /
وكالة النسخ GCL
082 04 - رقم تصنيف ديوى العشرى
رقم التصنيف 759.05
رقم المادة C T
100 1# - المدخل الرئيسى - إسم شخصى
الإسم الشخصى NATIONAL GALLECY OF ART
245 10 - بيان العنوان
العنوان TREASARURES OF IMPRESSI OMSM AND POST IMPRESSION NATIONAL GALLERY OF ART /
بيان المسئوليه,etc NATIONAL GALLECY OF ART
700 1# - المدخل الاضافى - اسم شخصى
الإسم الشخصى IMPRESSIONOMIOM ART
700 1# - المدخل الاضافى - اسم شخصى
الإسم الشخصى POST IMPRESSIONISM
700 1# - المدخل الاضافى - اسم شخصى
الإسم الشخصى COMAN,FLAREVCE E
650 04 - المدخل الاضافى بالموضوع-مصطلح موضوعى
مصطلح موضوعي IMPRESSIONISM ART
650 04 - المدخل الاضافى بالموضوع-مصطلح موضوعى
مصطلح موضوعي NATIONAL GALLERY OF ART
650 04 - المدخل الاضافى بالموضوع-مصطلح موضوعى
مصطلح موضوعي POST - IMPRESSIONISM
650 04 - المدخل الاضافى بالموضوع-مصطلح موضوعى
مصطلح موضوعي COMAN, FLARENCE E
942 ## - عناصر المدخل الإضافي( كوها)
مصدر التصنيف او مخطط الترفيف Dewey Decimal Classification
Koha [default] item type كتاب
260 ## - PUBLICATION, DISTRIBUTION, ETC. (IMPRINT)
-- [S.N] :
-- ABBEVILLE PRESS PUBLISHERS
Holdings
حالة التراجع حالة الفقد حالة تلف ليس للاعارة المكان المؤقت الموقع الحالى تاريخ الاكتساب اجمالي اﻻعارات رقم الطلب الباركود تاريخ اخر مشاهدة تاريخ تفعيل السعر نوع وعاء كوها
        مكتبة القاهرة الكبرى مكتبة القاهرة الكبرى 03/26/2014   759.05\C T 24052 03/26/2014 03/26/2014 كتاب
        مكتبة القاهرة الكبرى مكتبة القاهرة الكبرى 03/26/2014   759.05\C T 24053 03/26/2014 03/26/2014 كتاب
        مكتبة القاهرة الكبرى مكتبة القاهرة الكبرى 03/26/2014   759.05\C T 24054 03/26/2014 03/26/2014 كتاب

Powered By

EGPV